La culture medievale bulgare.

محفوظ في:

المؤلف الرئيسي: Stoian Ts Tsonev

التنسيق: كتاب

اللغة: Undetermined

منشور في: Sofia Sofia : Editions En Langues Etrangeres

الوسوم: إضافة وسم

لا توجد وسوم, كن أول من يضع وسما على هذه التسجيلة!

رقم الطلب:

LEADER 00440nam a2200121Ia 4500
008 220904s9999||||xx |||||||||||||| ||und||
100 1 |a Stoian Ts Tsonev 
245 1 0 |a La culture medievale bulgare.  |c Stoian Ts Tsonev 
264 1 |a Sofia  |b Sofia : Editions En Langues Etrangeres 
300 |a 124p. 
942 |2 lcc  |c BK 
952 |0 0  |1 0  |2 lcc  |4 0  |7 1  |9 42758  |a ARCE  |b ARCE  |d 2022-09-04  |l 0  |o (F)N7183.M414  |p 1033164  |r 2022-09-04 00:00:00  |w 2022-09-04  |y BK 
999 |c 49431  |d 49431